00621nam a2200229 a 4500001001300000003000900013005001700022008004100039020000800080082001500088100001900103245002800122260004000150300000900190500003500199505001000234650001600244902000800260942000700268952010300275999001300378nice12345678IN_TiNIC20260116011344.0050524s1963 lona grp 000 0 eng  ac000a270.6bDAN aDaniel-Rops, H aProtestant Reformatiion aLondonbJ. M. Dent & Sons Ltdc1963 a57op aincludes index and biblioraphy2 aIndex aReformation bSRS cBK 001040708REFaHMIbHMIcREFd2005-05-24g0.00l0o270.6 DANp03328r2005-05-24w2026-01-16yBK c804d804